000 nam a22 7a 4500
999 _c44302
_d44302
003 OSt
005 20180829113018.0
008 180829b xxu||||| |||| 00| 0 eng d
040 _cIIMT
100 _aARZAE,ENRIQURE
245 _aVALUATION FOR MERGERS BUYOUTS
260 _aNEW DELHI
_bTMH
_c2005
300 _aR11
942 _2ddc
_c02